Born to Run (Запис № 17992)

000 -Маркер запису
Контрольне поле сталої довжини 01942nam a22002417a 4500
003 - Належність контрольного номера
Контрольне поле Uzh_bibl
008 - Кодовані дані
Контрольне поле сталої довжини 260525b |||||||| |||| 00| 0 ukr d
020 ## - Індекс ISBN
ISBN 978-0-00-787473-6
Ціна 100.00
040 ## - Джерело каталогіз.
Код мови каталог. укр.
041 ## - Код мови видання
Код мови оригіналу англійська
Код мови тексту англійська
080 ## - Індекс УДК
Індекс УДК 821(410)
090 ## - Шифри
Поличний індекс 821(410)
Авторський знак М 83
100 ## - Автор
Автор Morpurgo, Michael
245 ## - Назва
Назва Born to Run
Фізичний носій Text
Відповідальність il.Michael Foreman
260 ## - Вихідні дані
Місце видання London
Видавництво HarperCollins
Дата видання 2007
300 ## - Фізичний опис
Обсяг 256 s.
520 ## - Анотація
Анотація Коли Патрік рятує виводок грейхаундів із каналу, він не може віддати їх усіх RSPCA. Він благає батьків: хіба він не міг би просто залишити одного з них? Але нічого їх не переконує, і Патрік плаче, засинає — лише щоб його будити щеня грейхаунда, що лиже йому обличчя! Патрік називає свого цуценя Best Mate, і саме таким він і стає. Улюблене заняття Патріка — дивитися, як Найкращий Товариш біжить на повну тягу по пустці, куля, гепард-собака. Поки одного дня Best Mate не викрадає тренер грейхаундів, і він починає нове життя як чемпіон у гонках. Сьюзі, падчерка тренера грейхаундів, з першого погляду закохується в Найкращого Друга і дає йому нове ім'я — Яскраві Очі. Але що буде, коли він більше не зможе бігати
521 ## - Примітка про цільове призначення
Примітка про цільове призначення Для підлітків
525 ## - Примітка про додаток
Примітка про додаток Для старшого шкільного віку
546 ## - Примітка про мову
Примітка про мову укр.
650 ## - Тематичні рубрики
Основна рубрика Літературно-художне видання
942 ## - ADDED ENTRY ELEMENTS (KOHA)
Джерело класифікації чи схема поличного розташування
Koha item type Книги
Фонди
Статус вилучення Статус втрати/відсутності Джерело класифікації чи схема поличного розташування Статус пошкодження Тип обігу (не для випозичання) Постійне розташування Поточне розташування Дата надходження Джерело надходження (постачальник) Інвентарний номер Total Checkouts Повний (примірниковий) шифр зберігання Штрих-код Date last seen Дата, для якої чинна ціна заміни Тип одиниці (рівень примірника)
          Бібліотека-філія № 1 для дітей Бібліотека-філія № 1 для дітей 23/04/2026 Подаровані 80882   821(410) 19443 27/05/2026 27/05/2026 Книги

Працює на АБІС Коха